| 000 | 01042cam a22003013a 4500 | ||
|---|---|---|---|
| 001 | 12518 | ||
| 003 | PGUSA | ||
| 005 | 20140828083252.0 | ||
| 008 | 040601s2004||||xxu|||||s|||||000 | eng d | ||
| 040 |
_aPGUSA _beng |
||
| 042 | _adc | ||
| 050 | 4 | _aF850.5 | |
| 100 | 1 | _aKnower, Daniel | |
| 245 | 1 | 4 |
_aThe Adventures of a Forty-niner : _bAn Historic Description of California, with Events and Ideas of San Francisco and Its People in Those Early Days _h[electronic resource] / _cDaniel Knower |
| 260 |
_bProject Gutenberg, _c2004 |
||
| 506 | _aPublic domain in the USA. | ||
| 516 | _aElectronic text | ||
| 653 | _aReal estate development -- California | ||
| 653 | _aCalifornia -- Gold discoveries | ||
| 653 | _aCalifornia -- Description and travel | ||
| 653 | _aBusiness -- California | ||
| 653 | _aSan Francisco (Calif.) -- History | ||
| 653 | _aUrbanization -- California | ||
| 700 | 1 |
_aIvanowski, Sigismond de, _d1875- |
|
| 830 | 0 |
_aProject Gutenberg _v12518 |
|
| 856 | 4 | 0 | _uhttp://www.gutenberg.org/ebooks/12518 |
| 942 | _cEB | ||
| 999 |
_c241773 _d241773 |
||